000 00293nam a2200121Ia 4500
008 190216s9999||||xx |||||||||||||| ||und||
100 _aAnup Rajput
245 0 _aMathematics: Text Book For Part. I
260 _bNcrt - Newdelhi
_c2003
300 _a414
650 _aMathematics
942 _cREF
999 _c36684
_d36684